000 00350nam a2200145Ia 4500
005 20251222143249.0
008 251222s9999||||xx |||||||||||||| ||spa||
020 _a84-7827-080-9
082 _a372.62/B14
100 _aBadia Armengol, Dolors
245 0 _aJuegos de Expresión Oral y Escrita
250 _a7a.ed.
264 _bGraó
942 _cLIB
999 _c14888
_d14888